On state capitalism during the transition to socialism / (Record no. 52027)
[ view plain ]
| 000 -LEADER | |
|---|---|
| fixed length control field | 00731nam a2200229 a 4500 |
| 001 - CONTROL NUMBER | |
| control field | 52027 |
| 003 - CONTROL NUMBER IDENTIFIER | |
| rucl marc code | BD-RjUL |
| 005 - DATE AND TIME OF LATEST TRANSACTION | |
| control field | 20211209075738.0 |
| 008 - FIXED-LENGTH DATA ELEMENTS--GENERAL INFORMATION | |
| fixed length control field | 160905s1983 ru a 001 0 eng d |
| 035 ## - SYSTEM CONTROL NUMBER | |
| System control number | (BD-RjUL)52147 |
| 040 ## - CATALOGING SOURCE | |
| Original cataloging agency | VA@ |
| Transcribing agency | VA@ |
| Modifying agency | EQO |
| -- | BD-RjUL |
| Language of cataloging | eng |
| 041 ## - LANGUAGE CODE | |
| Language code of text/sound track or separate title | eng |
| 082 ## - DEWEY DECIMAL CLASSIFICATION NUMBER | |
| Edition number | 23 |
| Classification number | 335.43 |
| Author mark and year | LEO 1983 |
| 100 1# - MAIN ENTRY--PERSONAL NAME | |
| Personal name | Lenin, Vladimir Ilʹich |
| Dates associated with a name | 1870-1924. |
| 9 (RLIN) | 155585 |
| 245 10 - TITLE STATEMENT | |
| Title | On state capitalism during the transition to socialism / |
| Statement of responsibility, etc. | Vladimir Ilʹich Lenin |
| 260 ## - PUBLICATION, DISTRIBUTION, ETC. (IMPRINT) | |
| Place of publication, distribution, etc. | Moscow : |
| Name of publisher, distributor, etc. | Progress Publishers, |
| Date of publication, distribution, etc. | c 1983 |
| 300 ## - PHYSICAL DESCRIPTION | |
| Pagination | 269 p. : |
| Illustrations | ill. ; |
| Size | 20 cm. |
| 500 ## - GENERAL NOTE | |
| General note | Includes index |
| 650 #0 - SUBJECT ADDED ENTRY--TOPICAL TERM | |
| Topical term or geographic name as entry element | Socialism and state |
| Geographic subdivision | Soviet Union. |
| 9 (RLIN) | 155586 |
| Topical term or geographic name as entry element | Industrial policy |
| Geographic subdivision | Soviet Union. |
| 9 (RLIN) | 140669 |
| 942 ## - ADDED ENTRY ELEMENTS (KOHA) | |
| Source of classification or shelving scheme | Dewey Decimal Classification |
| Koha item type | Books |
| Lost status | Source of classification or shelving scheme | Damaged status | Not for loan | Collection code | Permanent Location | Current Location | Shelving location | Date acquired | Source of acquisition | Total Checkouts | Full call number | Date last seen | Copy number | Koha item type |
|---|---|---|---|---|---|---|---|---|---|---|---|---|---|---|
| Dewey Decimal Classification | Non-fiction | Central Library, University of Rajshahi | Central Library, University of Rajshahi | 24/03/1986 | U.S.A. | 335.43 LEO 1983 | 05/09/2016 | C-2 | Books |